000 00620nam a22001457a 4500
008 240118b |||||||| |||| 00| 0 eng d
082 _a370
_bNAT
110 _aNational committee for formulating a new education act for general education
245 _aNew education act for general education in Sri Lanka: proposals:
_bfinal draft
260 _a[Colombo]:
_bNational committee for formulating a new education act for general education
_c[2008?]
300 _axvii., 225 p.
650 _aEDUCATION POLICIES-Sri Lanka
856 _uhttps://nec.gov.lk/wp-content/uploads/2017/12/Towards-a-New-Education-Act.pdf
942 _cRP
999 _c4647
_d4647